000
00278nam a22001337a 4500
008
190205b xxu||||| |||| 00| 0 eng d
020
_a
0500276056
041
_a
eng
080
_a
902
100
_a
45
101
_a
ARK
245
_a
Archaeology
_c
Renfrew, C
942
_2
udc
_c
BK
999
_c
54009
_d
54009